000 00792nam a2200253Ia 4500
003 OSt
005 20221005045444.0
006 a|||||r|||| 00| 0
007 ta
008 221004b |||||||| |||| 00| 0 eng d
020 _a9788188401215 (pbk)
_c160
024 _a98263
037 _b007, 02/09/2009, Independent Publishers Group
_cTextual
040 _aCRL
_cCRL
_beng
041 _2eng
_aeng
082 _aG:5, P9
100 _aFoster John Bellamy
_9144571
245 0 _aEcological revolution
_b making peace with the planet
260 _aKharagpur
_bCornestone Publications India
_c2009
300 _a328p.
_ccm.
650 _aBIOLOGY
942 _hG:5, P9
_cTEXL
_2cc
999 _c955027
_d955027